শিক্ষা : (Record no. 53486)
[ view plain ]
| 000 -LEADER | |
|---|---|
| fixed length control field | 00916nam a2200241 a 4500 |
| 001 - CONTROL NUMBER | |
| control field | 53486 |
| 003 - CONTROL NUMBER IDENTIFIER | |
| rucl marc code | BD-RjUL |
| 005 - DATE AND TIME OF LATEST TRANSACTION | |
| control field | 20211209075953.0 |
| 008 - FIXED-LENGTH DATA ELEMENTS--GENERAL INFORMATION | |
| fixed length control field | 161016s1968 bg ||||| |||| 00| 0 ben d |
| 020 ## - INTERNATIONAL STANDARD BOOK NUMBER | |
| Terms of availability | : TK 4.00 |
| 035 ## - SYSTEM CONTROL NUMBER | |
| System control number | (BD-RjUL)53607 |
| 040 ## - CATALOGING SOURCE | |
| Original cataloging agency | BD-RjUL |
| Language of cataloging | ben |
| Transcribing agency | BD-RjUL |
| 041 ## - LANGUAGE CODE | |
| Language code of text/sound track or separate title | ben |
| 082 ## - DEWEY DECIMAL CLASSIFICATION NUMBER | |
| Edition number | 23 |
| Classification number | 370.15 |
| Author mark and year | SES 1968 |
| 100 ## - MAIN ENTRY--PERSONAL NAME | |
| Personal name | সেনগুপ্ত, রমণীরঞ্জন |
| 9 (RLIN) | 159897 |
| 245 10 - TITLE STATEMENT | |
| Title | শিক্ষা : |
| Remainder of title | শিক্ষা-বিজ্ঞান ও শিক্ষার-প্রণালী / |
| Statement of responsibility, etc. | রমণীরঞ্জন সেনগুপ্ত |
| 250 ## - EDITION STATEMENT | |
| Edition statement | ৪র্থ সং. |
| 260 ## - PUBLICATION, DISTRIBUTION, ETC. (IMPRINT) | |
| Place of publication, distribution, etc. | ঢাকা : |
| Name of publisher, distributor, etc. | প্রেসিডেন্সি লাইব্রেরী, |
| Date of publication, distribution, etc. | ১৯৬৮ [?] |
| 300 ## - PHYSICAL DESCRIPTION | |
| Pagination | ৩৬৭ পৃ. ; |
| Size | ১৮ সেমি. |
| 650 ## - SUBJECT ADDED ENTRY--TOPICAL TERM | |
| Topical term or geographic name as entry element | শিক্ষা |
| 9 (RLIN) | 159898 |
| Topical term or geographic name as entry element | Education |
| 9 (RLIN) | 159899 |
| 942 ## - ADDED ENTRY ELEMENTS (KOHA) | |
| Source of classification or shelving scheme | Dewey Decimal Classification |
| Koha item type | Books |
| Lost status | Source of classification or shelving scheme | Damaged status | Not for loan | Collection code | Permanent Location | Current Location | Shelving location | Date acquired | Source of acquisition | Cost, normal purchase price | Total Checkouts | Full call number | Date last seen | Copy number | Koha item type |
|---|---|---|---|---|---|---|---|---|---|---|---|---|---|---|---|
| Dewey Decimal Classification | Non-fiction | Central Library, University of Rajshahi | Central Library, University of Rajshahi | 18/09/1968 | Nawroge | 4.50 | B 370.15 SES 1968 | 16/10/2016 | C-2 | Books | |||||
| Dewey Decimal Classification | Not For Loan | Non-fiction | Central Library, University of Rajshahi | Central Library, University of Rajshahi | Reading Room | 18/09/1968 | Nawroge | 4.50 | B 370.15 SES 1968 | 06/05/2017 | C-1 | Books |